Southville International School and Colleges
Your cart is empty.
  • Cart
  • Lists
    Public lists Eva Luna New books Lux_list list_1
    Your lists Log in to create your own lists
  • Log in to your account
  • Your cookies
  • Search history
Southville International School and Colleges
  • Advanced search
  • Recent comments
  • Most popular
  • Libraries

Log in to your account

Log in with GOOGLE


If you do not have an external account, but do have a local account, you can still log in:

  1. Home
  2. MARC view: Fairy tales /
Normal view MARC view ISBD view

Fairy tales / (Record no. 11918)

[ view plain ]
MARC details
000 -LEADER
fixed length control field 00540nam a22001937a 4500
003 - CONTROL NUMBER IDENTIFIER
control field PILC
005 - DATE AND TIME OF LATEST TRANSACTION
control field 20151028083319.0
008 - FIXED-LENGTH DATA ELEMENTS--GENERAL INFORMATION
fixed length control field 130313t xxu||||| |||| 00| 0 eng d
020 ## - INTERNATIONAL STANDARD BOOK NUMBER
International Standard Book Number 0517203022
050 ## - LIBRARY OF CONGRESS CALL NUMBER
Classification number PZ 8
Item number .F172 1989
082 ## - DEWEY DECIMAL CLASSIFICATION NUMBER
Classification number GS 398.2
Item number M9855 1998
100 ## - MAIN ENTRY--PERSONAL NAME
Personal name Harbour, Jennie
9 (RLIN) 21304
245 ## - TITLE STATEMENT
Title Fairy tales /
260 ## - PUBLICATION, DISTRIBUTION, ETC. (IMPRINT)
Place of publication, distribution, etc New York, N.Y. :
Name of publisher, distributor, etc Derrydale,
Date of publication, distribution, etc 1998.
300 ## - PHYSICAL DESCRIPTION
Extent 88 p. :
Other physical details ill. ;
Dimensions 23 cm.
520 ## - SUMMARY, ETC.
Summary, etc Puss in boots<br/>Hansel and gretel<br/>The golden bird<br/>Snow white
942 ## - ADDED ENTRY ELEMENTS (KOHA)
Source of classification or shelving scheme Library of Congress Classification
Koha item type Books
Holdings
Withdrawn status Lost status Source of classification or shelving scheme Damaged status Home library Current library Shelving location Date acquired Total Checkouts Total Renewals Full call number Barcode Date last seen Date checked out Copy number Price effective from Koha item type
    Library of Congress Classification   Luxembourg Library Luxembourg Library Grade School Section 09/21/2013 2 1 PZ 8 .F172 1989 10727 07/25/2016 07/20/2016 1 09/21/2013 Books

Fairy tales /

APA

Harbour J., . (1998). Fairy tales. New York, N.Y: Derrydale.

Chicago

Harbour Jennie, . 1998. Fairy tales. New York, N.Y: Derrydale.

Harvard

Harbour J., . (1998). Fairy tales. New York, N.Y: Derrydale.

MLA

Harbour Jennie, . Fairy tales. New York, N.Y: Derrydale. 1998.

  • Place hold
  • Print
  • Cite
  • Add to your cart (remove)
  • Save record
    BIBTEX Dublin Core MARCXML MARC (non-Unicode/MARC-8) MARC (Unicode/UTF-8) MARC (Unicode/UTF-8, Standard) MODS (XML) RIS
  • More searches
    Search for this title in:
    Other Libraries (WorldCat) Other Databases (Google Scholar) Online Stores (Bookfinder.com) Open Library (openlibrary.org)

Exporting to Dublin Core...

SOUTHVILLE LIBRARY

Southville International School and Colleges Library

1281 Tropical Ave. Cor. Luxembourg St., BF Homes International, Las Pinas City

Tel. No. 8256374 / 252358 Loc. 117/146

Powered by Koha